000 00317nam a22001457a 4500
008 210308b ||||| |||| 00| 0 eng d
020 _a002330040
041 _aeng
080 _2second edition
_a34
082 _234
100 _a12
101 _aKIM
245 _aToxicology
_cJohn Doull, M.d
942 _2udc
_cBK
999 _c55935
_d55935